Textbook of Applied Anatomy & Physiology (Record no. 1754)
[ view plain ]
| 000 -LEADER | |
|---|---|
| Fixed length control field | 00708nam a22002417a 4500 |
| 003 - CONTROL NUMBER IDENTIFIER | |
| Control field | IIN |
| 005 - DATE AND TIME OF LATEST TRANSACTION | |
| Control field | 20250428132102.0 |
| 008 - FIXED-LENGTH DATA ELEMENTS--GENERAL INFORMATION | |
| Fixed length control field | 250428b |||ad||| |||| 001 0 eng d |
| 020 ## - INTERNATIONAL STANDARD BOOK NUMBER / ISBN | |
| International Standard Book Number | 9789390619436 |
| Price | 1395.00 |
| 040 ## - CATALOGING SOURCE | |
| Original cataloging agency | IIN |
| 082 ## - DEWEY DECIMAL CLASSIFICATION NUMBER | |
| Classification number | 612 |
| Book Number | KHU |
| 100 ## - MAIN ENTRY--PERSONAL NAME | |
| Personal name | Khurana, Indu |
| 245 ## - TITLE STATEMENT | |
| Title | Textbook of Applied Anatomy & Physiology |
| Sub title | for BSc Nursing Students for Semester I |
| Statement of responsibility | Indu Khurana, Arushi Khurana and N Gurukripa Kowlgi |
| 250 ## - EDITION STATEMENT | |
| Edition statement | 3rd ed. |
| 260 ## - IMPRINT | |
| Place of publication | New Delhi |
| Name of publisher | CBSPD |
| Date of publication | 2023 |
| 300 ## - PHYSICAL DESCRIPTION | |
| Page / Vol. No | xxiv, 578 p. |
| Other physical details | col. ill. |
| 500 ## - GENERAL NOTE | |
| General note | Includes Index |
| 650 ## - SUBJECT ADDED ENTRY--TOPICAL TERM | |
| Topical term | Anatomy |
| Form subdivision | Nursing |
| 650 ## - SUBJECT ADDED ENTRY--TOPICAL TERM | |
| Topical term | Physiology |
| Form subdivision | Nursing |
| 700 ## - ADDED ENTRY--PERSONAL NAME | |
| Personal name | Khurana, Arushi |
| 700 ## - ADDED ENTRY--PERSONAL NAME | |
| Personal name | Kowlgi, N Gurukripa |
| 942 ## - ADDED ENTRY ELEMENTS (KOHA) | |
| Koha item type | Books |
| Withdrawn status | Lost status | Source of classification | Damaged status | Not for loan | Collection code | Home library | Current library | Shelving location | Date acquired | Price | Total Checkouts | Call number | Accession number | Date last seen | Price effective from | Koha item type |
|---|---|---|---|---|---|---|---|---|---|---|---|---|---|---|---|---|
| Dewey Decimal Classification | Purches Book | IDEAL INSTITUTE OF NURSING | IDEAL INSTITUTE OF NURSING | General Stacks | 11/03/2025 | 1395.00 | 612 KHU | 1908 | 28/04/2025 | 28/04/2025 | Books |
